Statistics for Random Among Us Logic Characters by Quotes

Click here to take the quiz!

General Stats

  • This quiz has been taken 680 times
    (607 since last reset)
  • The average score is 11 of 20

Answer Stats

QuoteName% Correct
Oi! Pay some respect to TheGentleman, he's an Among Us legend!Mr. Egg
67%
You sliced Mr. Cheese in half!Player
67%
Hey, how do I go into the vents like Ninja did?Mr. Cheese
60%
Haha! MrCheese dumb!Goober
56%
This lad in purple here be the one who stole me old name!Pirate
53%
For the last time, quiet you buffoon! You stupid, spineless, good-for-nothing, incompetent-TheGentleman
53%
Is everyone on this server an idiot?Blue
47%
TheGentleman sends his regards.Angel
46%
My real name's too hard to pronounce.Dum
38%
Mr. Cheese is looking very nice today.TheGentlebot
38%
Real relationships aren't perfect, and perfect relationships aren't real.Veteran
38%
With the most important fact being that I love you times infinity.Engineer
36%
I like you, tiger.Ms. Pink
36%
Put eggs in your shoes and beat it, pal.Greaser
31%
You know, the fact that you accused Angel at all makes me think it was you, Sheriff.Rose
31%
Darn tootin', must be the server actin' up again.Sheriff
31%
You better have a good excuse, bromigo. That sounds seriously sus.Bro
29%
Rocks are dope!Captain
25%
Kill.Franklyn
21%
He did tell me this was a horror game.Aiden
20%
You made your bed, now you must lay on it.SirClogsworth
15%
Nah, I'd rather just murder you.Freezy
7%

Score Distribution

Percentile by Number Answered

Percent of People with Each Score

Your Score History

You have not taken this quiz since the last reset